En Patufet (1904-1938) / (Record no. 171476)

MARC details
000 -LEADER
campo de control de longitud fija 00583nam a22001935i 4500
001 - NÚMERO DE CONTROL
campo de control 171476
003 - IDENTIFICADOR DE NÚMERO DE CONTROL
campo de control ES-MaACL
005 - FECHA Y HORA DE LA ÚLTIMA TRANSACCIÓN
campo de control 20250730063150.0
008 - DATOS DE LONGITUD FIJA--INFORMACIÓN GENERAL
campo de control de longitud fija 090518s1968 sp |||| | spa d
080 ## - NÚMERO DE LA CLASIFICACIÓN DECIMAL UNIVERSAL
Número de la Clasificación Decimal Universal 087.5(05)(460.235 B.)
100 1# - ENTRADA PRINCIPAL--NOMBRE DE PERSONA
Nombre de persona Solà i Dachs, Lluís,
Fechas asociadas al nombre 1932-
9 (RLIN) 107045
245 10 - MENCIÓN DEL TÍTULO
Título En Patufet (1904-1938) /
Mención de responsabilidad, etc. Luis Solá y Dachs.
250 ## - MENCION DE EDICION
Mención de edición [1ª ed.].
260 ## - PUBLICACIÓN, DISTRIBUCIÓN, ETC.
Lugar de publicación, distribución, etc. Barcelona :
Nombre del editor, distribuidor, etc. Bruguera,
Fecha de publicación, distribución, etc. [1968]
300 ## - DESCRIPCIÓN FÍSICA
Extensión 110 p. :
Otras características físicas il. ;
Dimensiones 18 cm.
630 04 - PUNTO DE ACCESO ADICIONAL DE MATERIA--TÍTULO UNIFORME
Título uniforme En Patufet (Barcelona)
9 (RLIN) 140193
852 ## - LOCALIZACIÓN
Ubicación ES-MaACL
Número de control de estantería C-34495
itemnumber R.65463
Holdings
Estatus retirado Estado de pérdida Estado de daño No para préstamo Biblioteca de origen Biblioteca actual Ubicación en estantería Fecha de adquisición Fuente de adquisición Total de préstamos Signatura topográfica completa Código de barras Visto por última vez Precio de reemplazo Tipo de ítem Koha
        Biblioteca del Ateneo de Madrid Biblioteca del Ateneo de Madrid Depósito 2 18/05/2009     C-34495 1179951 23/02/2023 23/02/2023 Libro impreso